Innovative Reward Systems for the Changing Workplace

Saved in:
Bibliographic Details
Main Author: Wilson, Thomas B.
Format: Book
Language:English
Published: New York MacGraw-Hill 1995
Edition:1. ed.
Subjects:
Tags: Add Tag
No Tags, Be the first to tag this record!

MARC

LEADER 00000nam a2200000 4500
001 c014331
005 20230117134459.5
020 |a 0-07-070960-2 
041 0 |a eng 
044 |a US 
245 1 0 |a Innovative Reward Systems for the Changing Workplace  |c Thomas B. Wilson 
250 |a 1. ed. 
264 1 |a New York  |b MacGraw-Hill  |c 1995 
300 |a 378 s. 
610 2 0 |a zmeny organizačné 
610 2 0 |a zmeny pomeru pracovného 
610 2 0 |a pracovisko 
610 2 0 |a odmeny 
610 2 0 |a odmeny mimoriadne 
610 2 0 |a odmeňovanie 
610 2 0 |a pracovníci noví 
610 2 0 |a systémy inovačné 
100 1 |a Wilson, Thomas B.